00321nam a2200121Ia 4500008004100000041000800041082001600049100002100065245004300086260002700129300003200156365001100188240624s9999 xx 000 0 und d aeng a006.312 MAT aMATIGNON RANDALL aDATA MINING USING SAS ENTERPRISE MINER c2013aNew DelhibWiley axiii, : 563 : p. : cm. ; 26 cRSb33